=LDR 00000nam 2200000 4500 =001 INLIS000000000021401 =005 20130612120250 =008 ***********************************Ind** =035 ##$$0010-061300000021401 =041 ##$$a Ind =082 ##$$a 333.7 =090 ##$$a 333.7, Sit e =100 ##$$a SITORUS, Santun R.P =245 ##$$a Evaluasi Sumber Daya Lahan, Oleh Santun R.P. Sitorus =260 ##$$a 1985 $b Bandung =300 ##$$a x, 186 hlm, Ilus, 27 cm =650 ##$$a SUMBER TENAGA =850 ##$$a NBPNMAT